Postmortem : (Record no. 9194)
[ view plain ]
| 000 -LEADER | |
|---|---|
| fixed length control field | 00685nam a22002172 4500 |
| 001 - CONTROL NUMBER | |
| control field | 0000020119 |
| 005 - DATE AND TIME OF LATEST TRANSACTION | |
| control field | 20151217152208.0 |
| 008 - FIXED-LENGTH DATA ELEMENTS--GENERAL INFORMATION | |
| fixed length control field | 110704s xx 000 0 eng d |
| 020 ## - INTERNATIONAL STANDARD BOOK NUMBER | |
| International Standard Book Number | 0463033199 : |
| 040 ## - CATALOGING SOURCE | |
| Original cataloging agency | KABU |
| Transcribing agency | KABU |
| 245 10 - TITLE STATEMENT | |
| Title | Postmortem : |
| Remainder of title | the O. J. Simpson case / |
| Statement of responsibility, etc. | edited by Jeffrey Abramson. |
| 250 ## - EDITION STATEMENT | |
| Edition statement | 1st ed. |
| 260 ## - PUBLICATION, DISTRIBUTION, ETC. (IMPRINT) | |
| Place of publication, distribution, etc. | New York : |
| Name of publisher, distributor, etc. | HarperCollins, |
| Date of publication, distribution, etc. | 1996. |
| 300 ## - PHYSICAL DESCRIPTION | |
| Extent | xvi, 239 p. |
| 600 10 - SUBJECT ADDED ENTRY--PERSONAL NAME | |
| Personal name | Simpson, O. J., 1947. |
| -- | 0000180203 |
| 650 #0 - SUBJECT ADDED ENTRY--TOPICAL TERM | |
| Topical term or geographic name as entry element | Trials (Murder) |
| Geographic subdivision | California |
| -- | Los Angeles. |
| -- | 0000180204 |
| 700 1# - ADDED ENTRY--PERSONAL NAME | |
| Personal name | Abramson, Jeffrey. |
| -- | 0000180205 |
| 852 1# - LOCATION | |
| -- | p500 KES |
| 908 ## - PUT COMMAND PARAMETER (RLIN) | |
| Put command parameter | 110704 |
| 950 ## - LOCAL HOLDINGS (RLIN) | |
| -- | 1 |
| Withdrawn status | Lost status | Source of classification or shelving scheme | Not for loan | Home library | Current library | Date acquired | Total Checkouts | Total Renewals | Full call number | Barcode | Date last seen | Date last checked out | Price effective from | Koha item type |
|---|---|---|---|---|---|---|---|---|---|---|---|---|---|---|
| Library of Congress Classification | Kabarak, Main Campus | Kabarak, Main Campus | 17/12/2015 | 8 | 1 | KF224.73 .S56P67 1996 c. 1 | 19070 | 17/03/2026 | 07/02/2026 | 17/12/2015 | General Collection |